Signs guidance for farmers and other land managers (Record no. 108560)

MARC details
000 -LEADER
fixed length control field 00954cad a22002175a 4500
001 - CONTROL NUMBER
control field E144616
008 - FIXED-LENGTH DATA ELEMENTS--GENERAL INFORMATION
fixed length control field 080731s2006 xxk f 000 0 eng d
020 ## - INTERNATIONAL STANDARD BOOK NUMBER
International Standard Book Number 1853974706
035 ## - SYSTEM CONTROL NUMBER
System control number (Sirsi) u144616
041 0# - LANGUAGE CODE
Language code of text/sound track or separate title eng
050 04 - LIBRARY OF CONGRESS CALL NUMBER
Classification number 711.1 $2 18
110 2# - MAIN ENTRY--CORPORATE NAME
Corporate name or jurisdiction name as entry element Scottish Natural Heritage
9 (RLIN) 2794
245 02 - TITLE STATEMENT
Title Signs guidance for farmers and other land managers
Medium [electronic resource]
260 ## - PUBLICATION, DISTRIBUTION, ETC.
Place of publication, distribution, etc. Redgorton, Perth
Name of publisher, distributor, etc. Scottish Natural Heritage
Date of publication, distribution, etc. 2005
520 ## - SUMMARY, ETC.
Summary, etc. Offers guidance to land managers on using signage in accordance with the Land Reform (Scotland) Act 2003. Concentrates on circustances where land managers may want to put up advisory signs of their own.
521 ## - TARGET AUDIENCE NOTE
Target audience note Introductory
651 #4 - SUBJECT ADDED ENTRY--GEOGRAPHIC NAME
Geographic name Scotland
Chronological subdivision 1999-
690 ## - LOCAL SUBJECT ADDED ENTRY--TOPICAL TERM (OCLC, RLIN)
Topical term or geographic name as entry element PROPERTY-RURAL AND NATURAL ASSETS-RURAL AND NATURAL ASSET MANAGEMENT-LAND MANAGEMENT
856 40 - ELECTRONIC LOCATION AND ACCESS
Uniform Resource Identifier <a href="https://www.snh.org.uk/pubs/detail.asp?id=515">https://www.snh.org.uk/pubs/detail.asp?id=515</a>
Public note View the guide free of charge at www.snh.org.uk...
942 ## - ADDED ENTRY ELEMENTS (KOHA)
Suppress in OPAC 0
Holdings
Withdrawn status Lost status Source of classification or shelving scheme Damaged status Not for loan Home library Current library Shelving location Date acquired Total Checkouts Full call number Barcode Date last seen Copy number Price effective from Koha item type
    Dewey Decimal Classification     Virtual Virtual Online 31/07/2008   ONLINE PUBLICATION 144616-2001 06/08/2019 1 06/08/2019 Book